[Event "inAUTOmarket Open"]
[Site "Minsk BLR"]
[Date "2005.07.12"]
[Round "3"]
[White "Kochetkov,G"]
[Black "Tunik,G"]
[Result "1/2-1/2"]
[WhiteElo "2316"]
[BlackElo "2446"]

1.d4 Nf6 2.Nf3 e6 3.c4 b6 4.Nc3 Bb4 5.Qc2 Bb7 6.Bg5 h6 7.Bxf6 Qxf6 8.e4 Bxc3+
9.bxc3 d6 10.Bd3 Nd7 11.O-O O-O 12.Rfe1 e5 13.Qa4 Rfd8 14.Rad1 c5 15.Bc2 Qe7
16.Qa3 Rdc8 17.Ba4 Nf8 18.Bb5 a6 19.Ba4 b5 20.Bb3 bxc4 21.Bc2 cxd4 22.cxd4 Rc7
23.Qa5 Ng6 24.Rb1 Rac8 25.Rb6 c3 26.Qb4 exd4 27.Nxd4 d5 28.Qb3 Nf4 29.Nf5 Qg5
30.g3 Ba8 31.h4 Nh3+ 32.Kg2 Qd2 33.Rf1 Qe2 34.Rb8 dxe4 35.Bd1 Qd3 36.Ne7+ Kh7
37.Nxc8 Bd5 38.Qc2 Be6 39.Nb6 Nf4+ 40.gxf4 Bh3+ 41.Kh2 Bxf1 42.f3 Qxc2+ 43.Bxc2 Bd3
44.Nd5 Rc5 45.Nb4 Bxc2 46.Nxc2 Rd5 47.Kg3 exf3 48.Rc8 f2 49.Ne3 Ra5 50.Kxf2 Rxa2+
51.Kf3 Ra3  1/2-1/2

[Event "Viking GM"]
[Site "St Petersburg RUS"]
[Date "2005.07.14"]
[Round "8"]
[White "Zakharevich,I"]
[Black "Brodsky,M"]
[Result "1/2-1/2"]
[WhiteElo "2499"]
[BlackElo "2554"]

1.d4 Nf6 2.Nf3 e6 3.c4 b6 4.Nc3 Bb4 5.Bg5 h6 6.Bh4 Bb7 7.e3 Bxc3+ 8.bxc3 d6
9.Nd2 Nbd7 10.f3 Qe7 11.Bd3 g5 12.Bf2 O-O-O 13.Qa4 Kb8 14.O-O-O Nh5 15.Be4 f5
16.Bxb7 Kxb7 17.h3 c5 18.Nb3 Nb8 19.Rd2 Nf6 20.Qb5 a6 21.Qa4 Rc8 22.Rb2 Qd7
23.Qa3 Ka7 24.Rd1 Qc7 25.Kb1 Rhd8 26.Ka1 Nbd7 27.Nd2 e5 28.Qa4 Re8 29.Bg1 Qc6
30.Qc2 e4 31.Rf1 cxd4 32.cxd4 d5 33.c5 bxc5 34.dxc5 Qxc5 35.Qxc5+ Nxc5 36.fxe4 Nfxe4
37.Rxf5 Na4 38.Rf7+ Ka8 39.Rbb7 Rc1+ 40.Nb1 Rxg1  1/2-1/2

[Event "ch-Paris Open"]
[Site "Paris FRA"]
[Date "2005.07.15"]
[Round "7"]
[White "Yakovich,Yur"]
[Black "Vijayalakshmi,S"]
[Result "0-1"]
[WhiteElo "2560"]
[BlackElo "2414"]

1.d4 Nf6 2.c4 e6 3.Nf3 b6 4.Nc3 Bb4 5.Qc2 Bb7 6.a3 Bxc3+ 7.Qxc3 Ne4 8.Qc2 d6
9.e3 Nd7 10.Be2 f5 11.O-O O-O 12.b4 Rf6 13.d5 e5 14.Nh4 g6 15.f3 Ng5 16.f4 Ne4
17.Bb2 Qe7 18.Nf3 Rff8 19.Nd2 Nxd2 20.Qxd2 exf4 21.exf4 Rae8 22.Rf2 Nf6 23.Bd3 Qe3
24.Qc3 b5 25.cxb5 Re7 26.Rd1 Ng4 27.Qd4 Qxf2+ 28.Qxf2 Nxf2 29.Kxf2 Bxd5 30.Bf1 Be6
31.Bd4 Kf7 32.g3 Bb3 33.Rc1 Bd5 34.a4 Rc8 35.a5 c6 36.a6 Rec7 37.bxc6 Bxc6
38.b5 Bd5 39.Rxc7+ Rxc7 40.Bxa7 Rxa7 41.b6 Ra8 42.Bc4 Bxc4 43.b7 Bd5  0-1

[Event "Aegean Open"]
[Site "Kirykos GRE"]
[Date "2005.07.16"]
[Round "5"]
[White "Slavina,I"]
[Black "Obodchuk,A"]
[Result "1-0"]
[WhiteElo "2391"]
[BlackElo "2438"]

1.d4 Nf6 2.c4 e6 3.Nf3 b6 4.Nc3 Bb4 5.Qb3 c5 6.Bg5 Nc6 7.d5 Na5 8.Qc2 h6
9.Bxf6 Qxf6 10.e4 Bxc3+ 11.Qxc3 Qxc3+ 12.bxc3 Ba6 13.Nd2 e5 14.Kd1 Ke7 15.Kc2 g6
16.Bd3 Rhf8 17.Rae1 d6 18.g3 g5 19.h4 Bc8 20.Nb3 Nb7 21.a4 Bd7 22.Ra1 Na5
23.Nd2 g4 24.Rhf1 f5 25.exf5 Bxf5 26.Bxf5 Rxf5 27.Kd3 Raf8 28.Ke2 Kd7 29.Rae1 h5
30.Rb1 Kc7 31.Rbc1 Kd7 32.Rce1 Ke7 33.Rc1 R8f7 34.Rce1 Kf8 35.Rc1 Kg7 36.Rce1 Kg6
37.Rc1 Rf8 38.Rce1 R5f7 39.Rc1 Re7 40.Rce1 Nb7 41.Kd3 Ref7 42.Ke2 Rf5 43.Rc1 Kf7
44.Ne4 Ke7 45.Nd2 Kd7 46.Rce1 Kc7 47.Rc1 Nd8 48.Ra1 Nf7 49.a5 Nd8 50.axb6+ axb6
51.Ne4 Nb7 52.Ra7 Rb8 53.Rb1 Rf3 54.Ng5 Rxc3 55.Ne6+ Kc8 56.Rxb6 Rxc4 57.Rxd6 Rb4
58.Rd8+  1-0

[Event "Aegean Open"]
[Site "Kirykos GRE"]
[Date "2005.07.16"]
[Round "5"]
[White "Svetushkin,D"]
[Black "Nikolaidis,I"]
[Result "1/2-1/2"]
[WhiteElo "2514"]
[BlackElo "2522"]

1.d4 Nf6 2.c4 e6 3.Nf3 b6 4.Nc3 Bb7 5.Bg5 h6 6.Bh4 Be7 7.Qc2 d6 8.e4 Nbd7
9.Be2 Nh5 10.Bxe7 Qxe7 11.g3 Nhf6 12.O-O O-O 13.Rfe1 c5 14.d5 e5 15.Nd2 g6
16.f4 Kg7 17.Rf1 Rae8 18.Rae1 Bc8 19.Bd3 Nh7 20.Nf3 Ndf6 21.Qg2 Bd7 22.Bc2 Qd8
23.h3 Nh5 24.f5 Kh8 25.Ne2 gxf5 26.exf5 b5 27.g4 Rg8 28.Kh1 bxc4 29.Qh2 N5f6
30.Nc3 Bc8 31.Qd2 Kg7 32.Rg1 Bb7 33.Be4 Nxe4 34.Nxe4 Nf6 35.g5 Nxd5 36.f6+ Kh7
37.gxh6 Nxf6 38.Rxg8 Rxg8 39.Nfg5+ Rxg5 40.Qxg5 Qh8 41.Qf5+ Kg8 42.Kh2 Bxe4
43.h7+ Kf8 44.Rxe4 Nxe4 45.Qxe4 Kg7  1/2-1/2

[Event "Open A"]
[Site "Chojnice POL"]
[Date "2005.07.19"]
[Round "6"]
[White "Myzyk,J"]
[Black "Zolnierowicz,K"]
[Result "1-0"]
[WhiteElo "2203"]
[BlackElo "2276"]

1.d4 e6 2.c4 Nf6 3.Nf3 b6 4.Nc3 Bb7 5.Bg5 Bb4 6.Qb3 Bxc3+ 7.Qxc3 h6 8.Bxf6 Qxf6
9.e3 Bxf3 10.gxf3 Qxf3 11.Rg1 Qf6 12.Bg2 Nc6 13.O-O-O O-O 14.f4 Rab8 15.Rdf1 Ne7
16.e4 d6 17.Bh3 Nc6 18.e5 dxe5 19.fxe5 Qh4 20.Rg4 Qh5 21.Qf3 g6 22.Rfg1 Kh7
23.R1g3 Ne7 24.Bf1 f5 25.exf6 Qa5 26.Bd3 Qe1+ 27.Kc2 Nf5 28.Bxf5 exf5 29.Rxg6 Rbe8
30.Rxh6+  1-0

[Event "Open"]
[Site "Ghent BEL"]
[Date "2005.07.19"]
[Round "7"]
[White "Law,A"]
[Black "Emms,J"]
[Result "1/2-1/2"]
[WhiteElo "2303"]
[BlackElo "2509"]

1.Nf3 Nf6 2.c4 b6 3.d4 e6 4.Nc3 Bb4 5.Bd2 Bb7 6.e3 O-O 7.Bd3 d5 8.O-O Nbd7
9.Nxd5 Bxd2 10.Nxf6+ Nxf6 11.Nxd2 c5 12.Nb3 Qc7 13.f3 Rfd8 14.Qe2 a5 15.Rad1 a4
16.Nc1 Ba6 17.b3 Bb7 18.Qf2 axb3 19.axb3 b5 20.dxc5 bxc4 21.Bxc4 Qxc5 22.e4 Qa5
23.Nd3 Nd7 24.h3 g6 25.Kh1 Bc6 26.Qb2 Bb5 27.Ra1 Qb6 28.Ne5 Nxe5 29.Qxe5 Bxc4
30.bxc4 Rac8 31.Qb5 Qd4 32.Rfc1  1/2-1/2

[Event "Politiken Cup"]
[Site "Copenhagen DEN"]
[Date "2005.07.23"]
[Round "9"]
[White "Ferreiro,M"]
[Black "Andersen,IbH"]
[Result "1/2-1/2"]
[WhiteElo "2064"]
[BlackElo "2160"]

1.d4 Nf6 2.c4 e6 3.Nf3 b6 4.Nc3 Bb7 5.Bg5 Bb4 6.e3 h6 7.Bh4 g5 8.Bg3 Ne4
9.Qc2 Bxc3+ 10.bxc3 d6 11.Bd3 f5 12.O-O Nd7 13.Nd2 Nxg3 14.fxg3 Qe7 15.e4 fxe4
16.Bxe4 O-O-O 17.Bxb7+ Kxb7 18.Qe4+ Kb8 19.Rfe1 Rde8 20.a4 a5 21.Rab1 Nf6
22.Qe2 Ka7 23.Rb5 c6 24.Rbb1 c5 25.Nf3 Qc7 26.Rb5 Nd7 27.Qc2 e5 28.Rbb1 Nb8
29.d5 Nd7  1/2-1/2

[Event "Open A"]
[Site "Pardubice CZE"]
[Date "2005.07.23"]
[Round "2"]
[White "Stocek,J"]
[Black "Monroy,C"]
[Result "1-0"]
[WhiteElo "2592"]
[BlackElo "2328"]

1.d4 Nf6 2.c4 e6 3.Nf3 b6 4.Nc3 Bb4 5.Bg5 Bb7 6.Qc2 c5 7.O-O-O Bxc3 8.bxc3 Be4
9.Qb2 h6 10.Bh4 Nc6 11.d5 Na5 12.Nd2 Bh7 13.f3 g5 14.Bf2 e5 15.e4 Nb7 16.h4 Qe7
17.Be3 Rg8 18.g4 Rg7 19.Bd3 Kd8 20.Rh2 Ne8 21.Rdh1 f6 22.Nb3 d6 23.Kb1 Kc7
24.Qa3 Kc8 25.Ka1 Nc7 26.Bc2 Kb8 27.Qc1 Bg6 28.Nd2 a6 29.Qb2 b5 30.Bd3 Be8
31.Qa3 Ra7 32.Nf1 bxc4 33.Bxc4 Nb5 34.Qc1 Na5 35.Bd3 Rb7 36.Rb2 Qd7 37.Bd2 Nc7
38.Ne3 Bg6 39.Rb1 Rxb1+ 40.Qxb1+ Ka7 41.Qb2 Na8 42.Qa3 Qc7 43.Bc2 Rg8 44.c4 Nb7
45.Ba4 Be8 46.Bxe8 Rxe8 47.Nf5 Nb6 48.Qb3 gxh4 49.Rxh4 a5 50.Rxh6 a4 51.Qb5  1-0

[Event "Open A"]
[Site "Pardubice CZE"]
[Date "2005.07.25"]
[Round "4"]
[White "Jaracz,P"]
[Black "Jedynak,R"]
[Result "1/2-1/2"]
[WhiteElo "2515"]
[BlackElo "2394"]

1.d4 e6 2.Nf3 Nf6 3.c4 b6 4.Nc3 Bb4 5.Bg5 Bb7 6.Nd2 h6 7.Bh4 O-O 8.e4 g5
9.Bg3 Nxe4 10.Ncxe4 Bxe4 11.a3 Bxd2+ 12.Qxd2 Nc6 13.h4 Bg6 14.hxg5 hxg5 15.f4 Qf6
16.fxg5 Qxd4 17.Bxc7 Rac8 18.Bd6 Rfe8 19.Qxd4 Nxd4 20.Kf2 e5  1/2-1/2

[Event "Open A"]
[Site "Pardubice CZE"]
[Date "2005.07.26"]
[Round "5"]
[White "Mankeyev,Raua"]
[Black "Prokuronov,E"]
[Result "0-1"]
[WhiteElo "2344"]
[BlackElo "2232"]

1.d4 Nf6 2.c4 e6 3.Nf3 b6 4.Nc3 Bb4 5.Bg5 Bb7 6.e3 Bxc3+ 7.bxc3 d6 8.Bd3 Nbd7
9.Qc2 h6 10.Bh4 Qe7 11.O-O g5 12.Bg3 h5 13.h4 gxh4 14.Nxh4 O-O-O 15.f3 Rdg8
16.Be1 Nf8 17.a4 a5 18.Rb1 N6d7 19.Be4 Ba6 20.Bd3 Bb7 21.Rb5 Rh6 22.Kh2 Ng6
23.Kh3 f5 24.d5 Nxh4 25.Bxh4 Qg7 26.dxe6 Rxe6 27.Bxf5 Rxe3 28.Kh2 Kb8 29.Bxd7 Qxd7
30.Rg5 Rge8 31.Rxh5 Qf7 32.Rh7 Qxc4 33.Rf2 Qf4+ 34.Bg3 Qg5 35.Rh4 Rg8 36.Rg4 Rh8+
37.Kg1 Re1+ 38.Rf1 Qc5+ 39.Bf2 Rxf1+ 40.Kxf1 Rh1+  0-1

[Event "Open Dutch Championship"]
[Site "Dieren NED"]
[Date "2005.07.28"]
[Round "3"]
[White "Slavina,I"]
[Black "Rothuis,V"]
[Result "1-0"]
[WhiteElo "2391"]
[BlackElo "2276"]

1.d4 Nf6 2.c4 e6 3.Nf3 b6 4.Nc3 Bb4 5.Qb3 c5 6.Bg5 Nc6 7.d5 Na5 8.Qc2 Nxc4
9.e4 Nxb2 10.Bd2 exd5 11.e5 O-O 12.Qxb2 Bxc3 13.Bxc3 Ne4 14.Bd3 Bb7 15.h4 d4
16.Bd2 d5 17.Bg5 Qe8 18.O-O h6 19.Bf4 f6 20.Bh2 f5 21.a4 Bc6 22.Qc2 Rc8 23.Bf4 c4
24.Nxd4 cxd3 25.Qxd3 Bxa4 26.f3 Nc5 27.Qb1 b5 28.Nxf5 Qd7 29.g4 d4 30.Qb4 Rxf5
31.gxf5 Qxf5 32.Rac1 Qxf4 33.Rxc5 Qg3+ 34.Kh1 Qxh4+ 35.Kg2 Rf8 36.e6 Rf6
37.Qb1 Rxe6 38.Qa2 Kf7 39.Re5  1-0

[Event "92nd ch-GBR"]
[Site "Douglas IOM"]
[Date "2005.08.02"]
[Round "2"]
[White "Gordon,S"]
[Black "Stone,A"]
[Result "1-0"]
[WhiteElo "2390"]
[BlackElo "2265"]

1.d4 e6 2.c4 Nf6 3.Nf3 b6 4.Nc3 Bb4 5.Bg5 Bb7 6.Nd2 h6 7.Bh4 Bxc3 8.bxc3 d6
9.f3 Nbd7 10.e4 Qe7 11.Bd3 e5 12.Nf1 g5 13.Bf2 Nf8 14.Ne3 Bc8 15.h4 Rg8 16.h5 Ne6
17.Nf5 Qd8 18.Nxh6 Rh8 19.Nf5 Rxh5 20.Kd2 Rh7 21.Rxh7 Nxh7 22.Qh1 Nef8 23.Ng7+ Kd7
24.c5 dxc5 25.dxc5 Kc6 26.Kc2 Rb8 27.a4 Kb7 28.a5 b5 29.Bxb5 c6 30.a6+ Kc7
31.Bc4 Qe7 32.Qc1 f6 33.Qa3 Bd7 34.Nf5 Bxf5 35.exf5 Nd7 36.Rd1 g4 37.Qa5+ Kc8
38.Rd6  1-0

[Event "92nd ch-GBR"]
[Site "Douglas IOM"]
[Date "2005.08.05"]
[Round "5"]
[White "Williams,Si"]
[Black "Stone,A"]
[Result "1-0"]
[WhiteElo "2461"]
[BlackElo "2265"]

1.d4 e6 2.c4 Nf6 3.Nf3 b6 4.Nc3 Bb4 5.Bg5 h6 6.Bh4 g5 7.Bg3 Ne4 8.Qc2 Bb7
9.e3 Bxc3+ 10.bxc3 Nxg3 11.fxg3 d6 12.Bd3 Nd7 13.a4 a5 14.Be4 Bxe4 15.Qxe4 O-O
16.h4 Nf6 17.Qd3 g4 18.Ng5 Kg7 19.O-O-O d5 20.cxd5 exd5 21.Rdf1 hxg5 22.Qf5 Ne4
23.hxg5 Nxg5 24.Rh5 f6 25.Rfh1 Rh8 26.Rxh8 Qxh8 27.Rxh8 Rxh8 28.Qxd5  1-0

[Event "Stork YM"]
[Site "Hengelo NED"]
[Date "2005.08.09"]
[Round "3"]
[White "Barnaure,V"]
[Black "Spoelman,W"]
[Result "1/2-1/2"]
[WhiteElo "2445"]
[BlackElo "2365"]

1.d4 Nf6 2.c4 e6 3.Nf3 b6 4.Nc3 Bb4 5.Bg5 Bb7 6.Nd2 h6 7.Bh4 c5 8.a3 Bxc3
9.bxc3 d6 10.f3 Nbd7 11.e3 e5 12.d5 Qe7 13.Bd3 g5 14.Bf2 h5 15.Qe2 O-O-O
16.O-O-O Rde8 17.Kb2 Kb8 18.Rb1 Ka8 19.Ka1 Rhg8 20.Rb2 Rb8 21.Bc2 Ba6 22.e4 Bc8
23.Ba4 Nf8 24.Nf1 Ng6 25.g3 Bd7 26.Bc2 Ne8  1/2-1/2

[Event "Petrovskaya Ladya IM"]
[Site "Peterhof RUS"]
[Date "2005.08.09"]
[Round "11"]
[White "Popov,Val"]
[Black "Eliseev,Alexe"]
[Result "1/2-1/2"]
[WhiteElo "2570"]
[BlackElo "2439"]

1.d4 Nf6 2.c4 e6 3.Nf3 b6 4.Nc3 Bb4 5.Qb3 Qe7 6.a3 Bxc3+ 7.Qxc3 Bb7 8.b4 d6
9.Bb2 O-O 10.e3 Nbd7 11.Bd3 Rfe8 12.O-O e5 13.dxe5 dxe5 14.Bf5 Be4 15.Bxe4 Nxe4
16.Qc2 Ng5 17.Nxg5 Qxg5 18.Rfd1 Qe7 19.Rd5 f6 20.Rad1 Nf8 21.g3 e4 22.h4 Qe6
23.Qe2 Re7 24.c5 Rae8 25.cxb6 cxb6 26.Rd8 Rxd8 27.Rxd8 Rd7 28.Rxd7 Qxd7 29.Qc4+ Qe6
30.Qa6 Qd7 31.Kg2 Kf7 32.a4 Ne6 33.Qc4 Qxa4 34.Qxe4 Qd7 35.Bc3 h6 36.Qc4 Qc7
37.Qd3 Qc6+ 38.f3 b5 39.Be1 a6 40.Bf2 Ke7 41.e4 Qc4 42.Qa3 Qc6 43.Qe3 h5
44.Qa7+ Kf8 45.Qb8+ Kf7 46.Qh8 g6 47.e5 fxe5 48.Qxe5 Ng7 49.Bd4 Nf5 50.Bf2 Qe6
51.Qc7+ Kf6 52.Qc3+ Kf7 53.g4 Ne7 54.gxh5 gxh5 55.Qh8 Qg6+ 56.Kh2 Nf5 57.Qc8 Qe6
58.Qb7+ Kg6 59.Kg2 Qf6 60.Qe4 Qe7 61.Qf4 Qf6 62.Be1 Kf7 63.Kh3 Qe6 64.Bf2 Ke8
65.Kg2 Kd7 66.Qg5 Qf7 67.Qd2+ Kc6 68.Qc2+ Kd7 69.Qd3+ Kc6 70.Qe4+ Qd5 71.Qe8+ Kb7
72.Qg6 Nd6 73.Bc5 Nc4 74.Qg7+ Kc8 75.Qg5 Qf7 76.Kg3 a5 77.bxa5 Nxa5 78.Bb6 Nc4
79.Bd4 b4 80.Qb5 Qg6+ 81.Kf2  1/2-1/2

[Event "HZ Open"]
[Site "Vlissingen NED"]
[Date "2005.08.09"]
[Round "4"]
[White "Khmelniker,I"]
[Black "Grooten,H"]
[Result "1-0"]
[WhiteElo "2447"]
[BlackElo "2376"]

1.d4 Nf6 2.c4 e6 3.Nf3 b6 4.Nc3 Bb4 5.Qc2 Bb7 6.a3 Bxc3+ 7.Qxc3 Ne4 8.Qc2 d6
9.g3 Nd7 10.Bg2 Nef6 11.O-O Be4 12.Qc3 O-O 13.b3 Qb8 14.Bh3 c5 15.Bb2 Rd8
16.Rad1 b5 17.Ng5 bxc4 18.dxc5 Nxc5 19.Qxc4 Bd5 20.Qh4 e5 21.Rxd5 h6 22.Nxf7 Kxf7
23.Rxc5 dxc5 24.Qc4+ Kg6 25.Bg2 Qd6 26.Bxa8 Rxa8 27.Qc2+ Kf7 28.Rd1 Qe6 29.Qxc5 Qxb3
30.Rd2 Re8 31.Qxa7+ Re7 32.Qc5 h5 33.Qb4 Qe6 34.Rd6 Qh3 35.Qc4+ Kg6 36.f4 exf4
37.Qxf4 Kh7 38.Qf3 Ne4 39.Rd5 Kg6 40.Be5 Qg4 41.Qxg4+ hxg4 42.a4 Rb7 43.Rb5 Rd7
44.a5 Rd1+ 45.Kg2 Re1 46.Rb2 Nc5 47.Bd4 Ne6 48.Bf2 Ra1 49.Rb6 Kf5 50.a6 Nc7
51.Rb7 Nxa6 52.Rxg7 Ra4 53.Be3 Nb4 54.Rg5+ Ke4 55.Bf2  1-0

[Event "Stork YM"]
[Site "Hengelo NED"]
[Date "2005.08.12"]
[Round "8"]
[White "Barnaure,V"]
[Black "Belov,Vl"]
[Result "1/2-1/2"]
[WhiteElo "2445"]
[BlackElo "2596"]

1.d4 Nf6 2.Nf3 e6 3.c4 b6 4.Nc3 Bb4 5.Bg5 h6 6.Bh4 Bb7 7.e3 g5 8.Bg3 Ne4
9.Qc2 Bxc3+ 10.bxc3 d6 11.Bd3 Nxg3 12.fxg3 Nd7 13.O-O Qe7 14.Be4 Bxe4 15.Qxe4 O-O
16.Qd3 f5 17.e4 Qh7 18.Rae1 f4 19.gxf4 Rxf4 20.Nd2 Raf8 21.Rxf4 Rxf4 22.Rf1 Rf7
23.Qb1 Nf8 24.Qd1 Rxf1+ 25.Qxf1 Qf7 26.Qf3  1/2-1/2

[Event "FSGM August"]
[Site "Budapest HUN"]
[Date "2005.08.13"]
[Round "8"]
[White "Berczes,D"]
[Black "Hoang Thanh Trang"]
[Result "1-0"]
[WhiteElo "2495"]
[BlackElo "2476"]

1.d4 Nf6 2.c4 e6 3.Nf3 b6 4.Nc3 Bb4 5.Bg5 Bb7 6.e3 h6 7.Bh4 Bxc3+ 8.bxc3 d6
9.Nd2 Nbd7 10.f3 c5 11.e4 O-O 12.Be2 Qc7 13.Nf1 Nh5 14.Be7 Rfe8 15.dxc5 dxc5
16.Qd6 Qxd6 17.Bxd6 e5 18.Ne3 Nf4 19.Bf1 Nf6 20.g3 Ng6 21.O-O-O Red8 22.Bh3 Ne8
23.Nf5 Bc8 24.Bg2 Bxf5 25.exf5 Rxd6 26.fxg6 Rad8 27.f4 Rxd1+ 28.Rxd1 Rxd1+
29.Kxd1 f6 30.Bd5+ Kf8 31.f5 Ke7 32.Ke2 Kd6 33.Kd3 b5 34.Bf7 bxc4+ 35.Ke4 Nc7
36.a4 a5 37.g4 Na8 38.Bxc4 Nb6 39.Bb5 Nd5 40.c4 Nf4 41.Ba6 Ne2 42.Bb5 Nc3+
43.Kd3 Nd1 44.Ke4 Nf2+ 45.Kf3 Nh3 46.Ke3 Ng5 47.h4 Nh3 48.Kf3 Nf4 49.Ba6 Ke7
50.Bb5 Nd3 51.Ke3 Ne1 52.Kf2 Nc2 53.Kf3 Nd4+ 54.Ke4 Kd6 55.Be8 Nc2 56.g5 hxg5
57.h5 g4 58.h6 g3 59.hxg7 g2 60.g8=Q g1=Q 61.Qd5+ Kc7 62.Qc6+ Kb8 63.Qb6+ Kc8
64.Qc6+ Kb8 65.Qd6+ Kc8 66.Bd7+ Kb7 67.Qc6+ Kb8 68.Qb6+  1-0

[Event "15th ch-SLO"]
[Site "Ptuj SLO"]
[Date "2005.08.14"]
[Round "4"]
[White "Lenic,L"]
[Black "Sakelsek,T"]
[Result "1/2-1/2"]
[WhiteElo "2463"]
[BlackElo "2390"]

1.d4 Nf6 2.c4 e6 3.Nf3 b6 4.Nc3 Bb4 5.Bg5 Bb7 6.e3 h6 7.Bh4 g5 8.Bg3 Ne4
9.Nd2 Nxg3 10.hxg3 Nc6 11.Qc2 Bf8 12.g4 Bg7 13.a3 Qe7 14.Nde4 f5 15.Ng3 fxg4
16.Be2 O-O-O 17.O-O-O Qf7 18.Nh5 Ne7 19.Ne4 Qg6 20.Bd3 Qf7 21.Be2 Qg6 22.Bd3 Qf7
23.Qe2 Rhf8 24.Qxg4 Bh8 25.Rhf1 Kb8 26.Qh3 Qf5 27.g4 Qf3 28.Nhg3 Bg7 29.Be2  1/2-1/2

[Event "American Continental"]
[Site "Buenos Aires ARG"]
[Date "2005.08.16"]
[Round "11"]
[White "Gurevich,D"]
[Black "Ivanov,AV USA"]
[Result "*"]
[WhiteElo "2515"]
[BlackElo "2566"]

1.d4 Nf6 2.c4 e6 3.Nf3 b6 4.Nc3 Bb7 5.Bg5 Be7 6.Qc2 c5 7.e4 cxd4 8.Nxd4 O-O
9.O-O-O a6 10.f4 d6 11.Bd3 Nfd7 12.h4 h6 13.Bxe7 Qxe7 14.g4 Nc6 15.Nxc6 Bxc6
16.g5 h5 17.Rhe1 Rfc8 18.e5 dxe5 19.Bh7+ Kh8 20.f5 Nf8 21.f6 gxf6 22.Bd3 fxg5
23.Qe2  *

[Event "14th Open"]
[Site "Kavala GRE"]
[Date "2005.08.17"]
[Round "7"]
[White "Kallio,H"]
[Black "Stojanovski,D"]
[Result "1-0"]
[WhiteElo "2507"]
[BlackElo "2405"]

1.d4 Nf6 2.c4 e6 3.Nf3 b6 4.Nc3 Bb4 5.e3 Bb7 6.Bd3 Ne4 7.Bd2 Bxc3 8.Bxe4 Bxe4
9.Bxc3 d6 10.Nd2 Bb7 11.Qg4 O-O 12.d5 e5 13.f4 f6 14.O-O Nd7 15.Rf3 Qe7 16.Qh4 c6
17.Rh3 h6 18.e4 exf4 19.Qxf4 Rae8 20.Bb4 c5 21.Bc3 Ne5 22.Rg3 Kh8 23.Qf1 Ba6
24.Nf3 g5 25.Re1 Kh7 26.Bxe5 fxe5 27.Qe2 Qf6 28.Rf1 Kh8 29.Nd2 Qg7 30.h4 Rxf1+
31.Nxf1 Rf8 32.hxg5 hxg5 33.Qh5+ Qh7 34.Qxg5 Bc8 35.Ne3  1-0

[Event "Ada Open"]
[Site "Belgrade SCG"]
[Date "2005.08.20"]
[Round "6"]
[White "Poleksic,M"]
[Black "Nestorovic,L"]
[Result "0-1"]
[WhiteElo "2227"]
[BlackElo "1983"]

1.d4 Nf6 2.c4 e6 3.Nf3 b6 4.Nc3 Bb4 5.Bg5 c5 6.e3 O-O 7.Qc2 cxd4 8.exd4 d5
9.cxd5 exd5 10.Be2 Qd6 11.O-O Bxc3 12.Bxf6 Qxf6 13.Qxc3 Bf5 14.Ne5 Nd7 15.Rac1 Qd6
16.Bf3 Rac8 17.Qxc8 Rxc8 18.Rxc8+ Nf8 19.Rcc1 Be6 20.a3 Ng6 21.Rfe1 Nxe5
22.Rxe5 g6 23.h3 Kg7 24.Rc3 h5 25.h4 Kh7 26.g3 a5 27.Kh2 Kg7 28.Bg2 Qd7 29.b3 Qd6
30.Bh3 Bg4 31.a4 Qf6 32.f4 Qd6 33.Bg2 Be6 34.f5 Bxf5 35.Bxd5 f6 36.Rc6 Qd8
37.Rxf5 gxf5 38.Bf3 Qxd4 39.Bxh5 f4 40.Rc7+ Kh6  0-1

[Event "Rudenko mem"]
[Site "St Petersburg RUS"]
[Date "2005.08.22"]
[Round "3"]
[White "Sudakova,I"]
[Black "Malysheva,P"]
[Result "0-1"]
[WhiteElo "2360"]
[BlackElo "2282"]

1.d4 Nf6 2.Nf3 e6 3.c4 b6 4.Nc3 Bb4 5.Bg5 h6 6.Bh4 Bxc3+ 7.bxc3 Ba6 8.Bxf6 Qxf6
9.e4 Nc6 10.Bd3 e5 11.O-O O-O 12.Qa4 Bb7 13.d5 Nb8 14.c5 Qe7 15.Qa3 bxc5
16.Rfb1 Bc8 17.Rb2 d6 18.Rab1 Nd7 19.Bb5 Nb6 20.Nd2 Bd7 21.Qa6 f5 22.Bc6 Bxc6
23.dxc6 fxe4 24.a4 d5 25.c4 e3 26.fxe3 d4 27.Ne4 dxe3 28.Re2 Qf7 29.Rxe3 Nxc4
30.Re2 Qd5 31.Rc1 Qd4+ 32.Kh1 Rf4 33.Ng3 Raf8 34.h3 Qd3 35.Kh2 h5 36.Rec2 Nb2
37.Qxa7 Nd1 38.Qxc5 h4 39.Nh5 R4f5 40.Qc4+ Qxc4 41.Rxc4 Ne3 42.Rxh4 Rf2 43.Rg1 Nf1+
44.Kh1 R8f5 45.Rxf1 Rxf1+ 46.Kh2 Rc1 47.Ng3 Rf6 48.Re4 Re6 49.Nf5 Rcxc6 50.h4 Kf7
51.Ne3 Rc5 52.Kg3 Rf6 53.Ng4 Rf5 54.Re2 Ke6 55.Ra2 Rc3+ 56.Kh2 Rf4 57.Nf2 Rxh4+
58.Nh3 Rcc4 59.a5 Ra4 60.Rc2 Kd6 61.Rd2+ Rhd4 62.Rf2 Rxa5 63.Rf7 Rg4 64.Nf2 Rf4  0-1

[Event "41st Rubinstein Mem Open A"]
[Site "Polanica Zdroj POL"]
[Date "2005.08.27"]
[Round "9"]
[White "Krupa,M"]
[Black "Luch,M"]
[Result "1/2-1/2"]
[WhiteElo "2275"]
[BlackElo "2414"]

1.Nf3 Nf6 2.c4 e6 3.d4 b6 4.Nc3 Bb7 5.e3 Be7 6.Bd3 d5 7.cxd5 exd5 8.O-O O-O
9.Qc2 c5 10.b3 Na6 11.a3 Nc7 12.dxc5 bxc5 13.e4 dxe4 14.Nxe4 Nxe4 15.Bxe4 Bxe4
16.Qxe4 Bf6 17.Ra2 Re8 18.Qc4 Ne6 19.Be3 Qc7 20.Rc1 Qb7 21.h3 Rab8 22.b4 cxb4
23.axb4 Rec8 24.Bc5 Be7  1/2-1/2

[Event "13th Open"]
[Site "Nikaia GRE"]
[Date "2005.08.28"]
[Round "7"]
[White "Svetushkin,D"]
[Black "Nikolaidis,I"]
[Result "1-0"]
[WhiteElo "2514"]
[BlackElo "2522"]

1.d4 Nf6 2.c4 e6 3.Nf3 b6 4.Nc3 Bb4 5.Bg5 Bb7 6.Nd2 c5 7.a3 cxd4 8.axb4 dxc3
9.bxc3 O-O 10.e4 d6 11.Bd3 Nbd7 12.Qe2 Qc7 13.O-O a5 14.Nf3 h6 15.Bf4 Rfc8
16.h3 Ne5 17.Nxe5 dxe5 18.Bg3 Ba6 19.Rfd1 Kh7 20.f4 exf4 21.e5+ g6 22.Bh2 Nd7
23.Bxf4 f5 24.exf6 Qxf4 25.Qxe6 Qxf6 26.Qxd7+ Kh8 27.Rf1 Rd8 28.Rxf6 Rxd7
29.Rxb6 Rxd3 30.Rxa5 Rxc3 31.c5 Rc4 32.Raxa6 Rxa6 33.Rxa6 Rxb4 34.Rxg6 Kh7
35.Rd6 Rc4 36.c6 Rc2 37.Kf1 h5 38.Rd7+ Kg6 39.c7 h4 40.Ke1 Kf5 41.Kd1 Rc6
42.Rh7 Kg6 43.Rxh4 Rxc7 44.Rg4+ Kh5 45.Ke2 Rc2+ 46.Kf3 Rc3+ 47.Kf2 Rc2+ 48.Kg3 Rc3+
49.Kh2 Rd3 50.Rf4 Rc3 51.Rf5+ Kh6 52.g4 Kg6 53.Kg2 Rd3 54.Rf3 Rd1 55.Rb3 Rc1
56.h4 Rc4 57.Kg3 Kh6 58.Rb6+ Kh7 59.h5 Rc1 60.Kh4 Rc5 61.Rb7+ Kg8 62.h6 Kh8
63.g5 Rc6 64.Kh5 Rc5 65.Re7 Rb5 66.Kg6 Rb6+ 67.Kf5 Rb1 68.g6 Rf1+ 69.Ke6 Re1+
70.Kd7 Rd1+ 71.Ke8 Rh1 72.Kf8  1-0

[Event "Autumn 1"]
[Site "Alushta UKR"]
[Date "2005.09.11"]
[Round "12"]
[White "Kuzmin,Ge"]
[Black "Obukhov,A"]
[Result "1/2-1/2"]
[WhiteElo "2514"]
[BlackElo "2522"]

1.d4 Nf6 2.c4 e6 3.Nf3 b6 4.Nc3 Bb4 5.e3 Bb7 6.Bd3 Ne4 7.Bd2 Bxc3 8.Bxe4 Bxe4
9.Bxc3 O-O 10.O-O d5  1/2-1/2

[Event "EYb18"]
[Site "Herceg Novi SCG"]
[Date "2005.09.16"]
[Round "3"]
[White "Labeckas,K"]
[Black "Papin,V"]
[Result "0-1"]
[WhiteElo "2118"]
[BlackElo "2425"]

1.d4 Nf6 2.Nf3 b6 3.c4 e6 4.Nc3 Bb7 5.Bg5 Bb4 6.Nd2 c5 7.a3 Bxc3 8.bxc3 O-O
9.f3 d5 10.e3 Nbd7 11.Bd3 h6 12.Bh4 e5 13.cxd5 exd4 14.cxd4 Qe8 15.Kf2 Nxd5
16.Re1 Qe6 17.Bc4 cxd4 18.exd4 Qg6 19.Qb1 Qd6 20.Ne4 Qxh2 21.Bg3 Qh5 22.Qb3 Bc6
23.Rac1 Rae8 24.Bd3 Ba8 25.Rh1 Qf5 26.Rce1 N7f6 27.Nxf6+ Qxf6 28.Be5 Qg5
29.g3 Rc8 30.Bc4 Ne7 31.Rh4 Nf5 32.Rg4 Qh5 33.Rg1 Rfe8 34.Rf4 Rxc4 35.Qxc4 Qh2+  0-1

[Event "EYb18"]
[Site "Herceg Novi SCG"]
[Date "2005.09.16"]
[Round "3"]
[White "Teitelbaums,A"]
[Black "Ragger,M"]
[Result "0-1"]
[WhiteElo "2195"]
[BlackElo "2434"]

1.d4 Nf6 2.Nf3 b6 3.c4 e6 4.Nc3 Bb4 5.Qb3 a5 6.e3 O-O 7.Bd3 Bb7 8.Qc2 d6
9.e4 Nbd7 10.O-O e5 11.Nd5 exd4 12.Nxd4 Bc5 13.Nf5 c6 14.Nc3 g6 15.Nh6+ Kg7
16.Bg5 Qc7 17.Ne2 Ng8 18.Nxg8 Kxg8 19.Kh1 Ne5 20.h3 f6 21.Bd2 Rad8 22.a3 d5
23.exd5 cxd5 24.Nf4  0-1

[Event "It"]
[Site "Klaksvik FAI"]
[Date "2005.09.16"]
[Round "1"]
[White "Simonsen,H"]
[Black "Olsen,H"]
[Result "1-0"]
[WhiteElo "2305"]
[BlackElo "2325"]

1.d4 Nf6 2.c4 e6 3.Nf3 b6 4.Nc3 Bb7 5.Bg5 h6 6.Bh4 Be7 7.Qc2 d5 8.cxd5 exd5
9.e3 O-O 10.Bxf6 Bxf6 11.h4 c5 12.O-O-O Nc6 13.g4 g6 14.g5 hxg5 15.h5 Kg7
16.hxg6 fxg6 17.Bb5 Nb4 18.Qd2 c4 19.Rhg1 a6 20.Ba4 Nd3+ 21.Kb1 b5 22.Bc2 b4
23.Na4 Bc6 24.Nc5 Nxc5 25.dxc5 Rb8 26.Nd4 Bxd4 27.Qxd4+ Qf6 28.Rxg5 Be8 29.Qg4 d4
30.Rxd4 b3 31.Rd7+ Bxd7 32.Rxg6+  1-0

[Event "EYg16"]
[Site "Herceg Novi SCG"]
[Date "2005.09.18"]
[Round "5"]
[White "Zhorzholiani,M"]
[Black "Ignacz,M"]
[Result "1-0"]
[WhiteElo "2019"]
[BlackElo "2265"]

1.d4 Nf6 2.c4 e6 3.Nf3 b6 4.Nc3 Bb4 5.Bg5 Bb7 6.Nd2 h6 7.Bh4 Be7 8.e4 Nxe4
9.Bxe7 Nxc3 10.Bxd8 Nxd1 11.Bxc7 Nxb2 12.Bd6 Na4 13.Ba3 d6 14.Bxd6 Nc6 15.d5 Nd4
16.Rc1 Nf5 17.Ba3 Nc5 18.Bxc5 bxc5 19.Nb3 Rc8 20.dxe6 fxe6 21.f3 Kf7 22.Kf2 Rhd8
23.Be2 Nd4 24.Rhd1 e5 25.Ke3 Kf6 26.Bd3 Rd6 27.Rb1 Ba6 28.Nd2 Ke7 29.Rb2 Ne6
30.Rb3 Rcd8 31.Ra3 Nf4 32.Ne4 Rc6 33.Nxc5 Bxc4 34.Rxa7+ Kf8 35.Nd7+ Rxd7
36.Rxd7 Nxd3 37.R1xd3 Bxd3 38.Rxd3 Rc2 39.Rd2 Rc4 40.Kd3 Ra4 41.Kc3 Ke7 42.Kb3 Ra7
43.a4 Rb7+ 44.Kc4 Rb1 45.a5 Ra1 46.Kb5 Rb1+ 47.Ka6 Ke6 48.Ka7 Kf5 49.Rd7 g5
50.Rf7+ Kg6 51.Rb7 Ra1 52.a6 Ra2 53.Rb6+ Kf5 54.Kb7 Rxg2 55.a7 Ra2 56.Ra6  1-0